| 000 | 00479nam a2200169Ia 4500 | ||
|---|---|---|---|
| 008 | 210719s1991 xx 000 0 und d | ||
| 041 | _aeng | ||
| 082 | _a820.13 SKAM | ||
| 100 | _aSKANDA PRASAD (V S) | ||
| 245 | _aMoving horizon: a collection of poems | ||
| 260 |
_aMangalore _bChetana Books _c1991 |
||
| 300 |
_axi,216 _bPB |
||
| 365 |
_b32 _cRs |
||
| 650 | _aEnglish Poetry | ||
| 650 | _aIndian English Poetry | ||
| 906 | _aa ; collection ; horizon: ; Moving ; of ; poems. | ||
| 999 |
_c212326 _d212326 |
||